000 00551nam a2200157 a 4500
008 120416s1974 ||||||||||||||||| || u
050 _aQD 161 Pow
100 _aPowell, P
245 1 4 _aThe chemistry of the non-metals
260 _aLondon
_bChapman and Hall
_c1974
300 _axii, 281p. : ill.
350 _a0.00
650 _aCHEMISTRY, NON-METAL
650 0 _aCHEMISTRY--HANDBOOKS, MANUALS, ETC
995 _D0.00
_FCBU-MAIN LIBRARY (Kitwe)
_H1
_I2.85
_M1
_UDAMAGED
_ZMain Library Open Access Collection
999 _c37229
_d37229